| Tag |
First Indicator |
Second Indicator |
Subfields |
| LEADER |
00000cas a2200000 a 4500 |
| 001 |
in00000852613 |
| 005 |
20151019081845.0 |
| 008 |
840811c19829999dcu x f0uuua0eng d |
| 010 |
|
|
|a gp 87001221
|
| 035 |
|
|
|a (OCoLC)11063644
|
| 035 |
|
|
|9 AEF1646AM
|
| 037 |
|
|
|b National Aeronautics and Space Administration, Washington, D.C. 20546
|
| 040 |
|
|
|a GPO
|c GPO
|d GPA
|d MvI-ser
|d UtOrBLW
|
| 043 |
|
|
|a n-us---
|
| 074 |
|
|
|a 830-H-05 (microfiche)
|
| 086 |
0 |
|
|a NAS 1.53/2:
|
| 245 |
0 |
0 |
|a Space science & applications notice /
|c National Aeronautics and Space Administration.
|
| 246 |
1 |
0 |
|a Space science and applications notice
|
| 264 |
|
1 |
|a [Washington, D.C] :
|b The Administration,
|c 1982-
|
| 300 |
|
|
|a volumes :
|b illustrations ;
|c 27 cm.
|
| 310 |
|
|
|a Irregular
|
| 336 |
|
|
|a text
|b txt
|2 rdacontent
|
| 337 |
|
|
|a unmediated
|b n
|2 rdamedia
|
| 338 |
|
|
|a volume
|b nc
|2 rdacarrier
|
| 362 |
0 |
|
|a Apr. 9, 1982-
|
| 500 |
|
|
|a Some issues have also distinctive title.
|
| 500 |
|
|
|a Title from cover.
|
| 630 |
0 |
0 |
|a Worlds of science ;
|p Astronautics
|x Research
|x Research grants
|z United States
|x Periodicals.
|
| 710 |
1 |
|
|a United States.
|b National Aeronautics and Space Administration.
|
| 780 |
0 |
0 |
|t Space science notice
|
| 999 |
|
|
|a MARS
|
| 999 |
f |
f |
|s 301afa18-52f0-391f-8dae-730f763f039f
|i 4b19c5b3-2cc1-3355-97c5-ca37e7e7b679
|t 0
|
| 952 |
f |
f |
|p normal
|a Texas A&M University
|b College Station
|c Sterling C. Evans Library
|d Evans: US Documents (Annex 5th floor)
|t 0
|e NAS 1.53/2:
|h Superintendent of Documents classification
|i unmediated -- volume
|k June 86-1
|m A14833963420
|
| 952 |
f |
f |
|p normal
|a Texas A&M University
|b College Station
|c Sterling C. Evans Library
|d Evans: US Documents (Annex 5th floor)
|t 0
|e NAS 1.53/2:
|h Superintendent of Documents classification
|i unmediated -- volume
|k June 1986-2
|m A14833963153
|
| 998 |
f |
f |
|a NAS 1.53/2:
|s June 1986
|t 0
|l Evans: US Documents (Annex 5th floor)
|